Abréviations N°4 - Statistiques

Statistiques générales
  • Ce quiz a été pris 71 fois
  • Le résultat moyen est 4 sur 8
Statistiques - réponses
Terme Abréviation % Correct
Lieutenant Lt
90%
Sous-Lieutenant S.-Lt
84%
Son Excellence S.E.
81%
Général Gal
43%
Commandant Cdt
36%
Maréchal Mal
34%
Colonel Cel
30%
Capitaine Cne
27%
Aucun quiz correspondant
Distribution des résultats
% des personnes avec chaque résultat
Percentile par nombre de réponses
Votre historique - résultats
Vous n’avez pas pris ce quiz